| 000 -ლიდერი |
| ფიქსირებული სიგრძის საკონტროლო ველი |
01416nam a2200277Ia 4500 |
| 001 - საკონტროლო ნომერი |
| საკონტროლო ველი |
2762 |
| 003 - საკონტროლო ნომრის იდენტიფიკატორი |
| საკონტროლო ველი |
GE_BSU |
| 005 - ბოლო ოპერაციის თარიღი და დრო |
| საკონტროლო ველი |
20210412152937.0 |
| 008 - ფიქსირებული სიგრძის მონაცემთა ელემენტები - ზოგადი ინფორმაცია |
| ფიქსირებული სიგრძის საკონტროლო ველი |
181216s2011||||ge |||||||||||||| ||geo|| |
| 040 ## - კატალოგიზაციის წყარო |
| Transcribing agency |
GE_BSU |
| 041 ## - ენის კოდი |
| Language code of text/sound track or separate title |
geo |
| 080 ## - უნივერსალური ათობითი კლასიფიკაციის ინდექსი |
| Universal Decimal Classification number |
347.965(094.072) ა–27 |
| 245 ## - ცნობა სათაურის შესახებ |
| Title |
ადვოკატთა პროფესიული ეთიკის კოდექსის კომენტარები ეთიკის კომისიის პრაქტიკაზე დაყრდნობით. |
| 264 ## - წარმოების, გამოცემის, დისტრიბუციის და სხვა ცნობები |
| გამოცემის, წარმოების, დისტრიბუციის... ადგილი |
თბილისი |
| გამოცემის, წარმოების, დისტრიბუციის... თარიღი |
2011 |
| 300 ## - ფიზიკური აღწერა |
| Extent |
52 გვ.; |
| Other physical details |
30 სმ. |
| 653 ## - INDEX TERM--UNCONTROLLED |
| Uncontrolled term |
სამართალი |
| 653 ## - INDEX TERM--UNCONTROLLED |
| Uncontrolled term |
ევროკავშირის პროექტი |
| 653 ## - INDEX TERM--UNCONTROLLED |
| Uncontrolled term |
ადვოკატთა პროფესიული ეთიკა |
| 700 ## - ADDED ENTRY--PERSONAL NAME |
| Personal name |
კვაჭაძე, მარინე |
| Relator term |
ავტორი |
| 9 (RLIN) |
2237 |
| 700 ## - ADDED ENTRY--PERSONAL NAME |
| Personal name |
გასიტაშვილი, ეკატერინე |
| Relator term |
ავტორი |
| 9 (RLIN) |
2238 |
| 700 ## - ADDED ENTRY--PERSONAL NAME |
| Personal name |
ბოჭორიშვილი, კობა |
| Relator term |
ავტორი |
| 9 (RLIN) |
2239 |
| 700 ## - ADDED ENTRY--PERSONAL NAME |
| Personal name |
კორძაია, ირაკლი |
| Relator term |
ავტორი |
| 9 (RLIN) |
2240 |
| 710 ## - ADDED ENTRY--CORPORATE NAME |
| Corporate name or jurisdiction name as entry element |
საქართველოს ადვოკატთა ასოციაცია |
| 9 (RLIN) |
2241 |
| 856 ## - ELECTRONIC LOCATION AND ACCESS |
| Uniform Resource Identifier |
https://gba.ge/pdf/5c385034a7af3.pdf/5c385034a7af3.pdf |
| Link text |
ელ. ვერსია. pdf |
| 942 ## - ADDED ENTRY ELEMENTS (KOHA) |
| Koha item type |
წიგნი |
| Source of classification or shelving scheme |
|